Rozponaj zawodnika FC Barcelony #4 - Statystyki

Ogólne statystyki
  • Ten quiz został rozwiązany 41 razy
  • Średni wynik to 8 z 16
Statystyki odpowiedzi
Obrazkowy Odpowiedź % Poprawnych
Lionel Messi
100%
İlkay Gündoğan
97%
Ansu Fati
93%
Thiago Alcântara
76%
Éric Abidal
69%
Jérémy Mathieu
55%
Alex Song
52%
Mikel Arteta
48%
Junior Firpo
41%
Gerard Deulofeu
34%
Ronald de Boer
31%
Vítor Baía
28%
Luis Suárez
21%
Phillip Cocu
21%
Michael Reiziger
17%
Nico González
14%
Nie znaleziono quizów pasujących do podanych kryteriów
Rozkład punktacji
Procent ludzi z każdym wynikiem
Percentyl według liczby udzielonych odpowiedzi
Twoja historia wyników
Nie rozwiązałeś tego quizu